00884nam a2200241Ia 4500003000400000005001700004008004100021020001500062040001800077041000800095082002100103100003200124245009200156250001200248260005100260300003000311650004500341650003300386650003800419942003000457999001900487952013600506OSt20251217160748.0210716s2006 xx 000 0 und d a8126507268 cAIMIT LIBRARY aeng a006.37 21bMUEJ aMueller, John Paul.9249384 aMastering microsoft visual web developer 2005 express edition /cBy Mueller, John Paul. a1st ed. aNew Delhi :bWiley Dreamtech Pvt Ltd ,c2006. axx,695,8p. ;bPBc24.2 cm aDiscovering visual web developer9249385 aWorking with scripts9249386 aWorking with dynamic data9249387 2ddccBKe1stk006.37 MUEJ c187725d187725 001040708MCAaAIMITbAIMITeHigginbothams Pvt Ltdg549.00l0o006.37 MUEJpMCA07233r2026-05-23 00:00:00v439.20w2021-07-16yBK